Score 0/22 Timer 07:00
6 Plays Today
Question/Number Over or Under % Correct
Full terms a President can serve: 3???
92.3%
Years a President serves in a full term: 6???
90.1%
Presidential terms elected to by FDR: 5???
88.7%
Oldest age a President was elected: 65???
86.8%
Presidents who were born or died on the 4th of July: 5???
82.6%
# of different men who have served as Vice President: 45???
78.8%
Presidents whose sons became President: 3???
76.9%
Unmarried Presidents throughout their lifetime: 3???
76.5%
Days that William Henry Harrison served in office: 24???
70.1%
Vice Presidents that served under FDR: 5???
68.5%
Vice Presidents who became President: 16???
67.9%
Question/Number Over or Under % Correct
# of different men who have served as President: 45???
67.7%
# of points in a famed speech given by Woodrow Wilson at the end of WWI: 10???
67.3%
Presidents who were elected to at least 2 terms: 15???
66.1%
Vetoes issued by Thomas Jefferson while in office: 75???
62.9%
Age of Theodore Roosevelt when he assumed the Presidency: 45???
62.1%
Presidents who died in office: 6???
57.3%
Longest a President has lived: 94???
51.2%
Speakers of the House that became President: 2???
48.8%
Presidents born west of the Mississippi River: 7???
47.7%
Children John Tyler fathered: 12???
44.6%
Presidents buried in Washington, D.C.: 5???
38.2%

You're not logged in!

Compare scores with friends on all Sporcle quizzes.
OR
Log In

Sporcle TV

Today on Sporcle TV


Watch our educational content, quiz creation guides, and fun videos on Sporcle TV.

Show Comments

Extras

Top Quizzes Today


Score Distribution

Paid Content

Your Account Isn't Verified!

In order to create a playlist on Sporcle, you need to verify the email address you used during registration. Go to your Sporcle Settings to finish the process.

Report this User

Report this user for behavior that violates our Community Guidelines.

Details: